Economía política
Saved in:
| Main Author: | |
|---|---|
| Format: | Book |
| Language: | Spanish |
| Published: |
Santiago
Jurídica de Chile
1980
|
| Edition: | 2a. ed |
| Series: | Manuales Jurídicos, 76
|
| Subjects: | |
| Tags: |
Add Tag
No Tags, Be the first to tag this record!
|
MARC
| LEADER | 00000nam a2200000 a 4500 | ||
|---|---|---|---|
| 001 | UCV3083 | ||
| 003 | CL-VaPUC | ||
| 008 | 930326e19800000CL |||||||||||||||||spa|d | ||
| 082 | 0 | 4 | |a 330 |b ARA |2 21 |
| 100 | 0 | |a Araneda Dörr, Hugo |e author |9 297338 | |
| 245 | 1 | 0 | |a Economía política |
| 250 | |a 2a. ed | ||
| 300 | |a 717 p | ||
| 942 | |c BK | ||
| 945 | |d 19930326 00:00:00 | ||
| 260 | |a Santiago |b Jurídica de Chile |c 1980 | ||
| 650 | 0 | |a Economía política |9 255814 | |
| 583 | |a last modification |c 19930326 00:00:00 |k Rodrigo Vera | ||
| 490 | 0 | |a Manuales Jurídicos, 76 | |
| 999 | |c 210438 |d 210436 | ||
| 952 | |0 0 |1 0 |4 0 |6 330_000000000000000_ARA_1980 |7 0 |8 A |9 186677 |a BIBDER |b BIBDER |d 2019-11-14 |i 2542544 |o 330 ARA 1980 |p 2542544 |r 2023-01-25 |w 2019-11-14 |y BK |k DER | ||